[Event "2nd IMSA Basque 2017-Women"]
[Site "Huaian"]
[Date "2017.12.15"]
[Round "5"]
[White "Lagno, Kateryna"]
[Black "Ushenina, Anna"]
[Result "0-1"]
[WhiteElo "2547"]
[BlackElo "2416"]
[Annotator "TA"]
[PlyCount "118"]
[EventDate "2017.??.??"]
[EventType "tourn"]
[EventCountry "CHN"]
[SourceTitle "playchess.com"]
[Source "ChessBase"]
[SourceQuality "1"]

{[%evp 31,118,0,3,8,16,1,1,10,9,-168,-171,-278,-260,-711,-693,-696,-680,-1135,-1079,-1059,-988,-986,-994,-1090,-1074,-1361,-1089,-1089,-1096,-1397,-1331,-1392,-1397,-1541,-1495,-1408,-1358,-1966,-1204,-1190,-1175,-1397,-1404,-1333,-1243,-1177,-1056,-1592,-1495,-1529,-1497,-1791,-1558,-1735,-1704,-1737,-1604,-29982,-29984,-29982,-7261,-29972,-29976,-29974,-29977,-29982,-2564,-29986,-29987,-29988,-29989,-29989,-29980,-29971,-29983,-29981,-29976,-29961,-6303,-29988,-29989,-29990,-29989,-29989,-29989,-29989,-29989,-29989,-29990]} 1. e4 c5 2. Nf3 e6 3. d4 cxd4 4. Nxd4 Nc6 5. Nc3 Qc7 6. Be2 a6 7. O-O Nf6 8. Be3 d6 9. f4 Be7 10. Qe1 O-O 11. Qg3 Nxd4 12. Bxd4 b5 13. a3 Bb7 14. Kh1 Rad8 15. Bd3 {B85: Sizilianisch (Scheveninger System)} Bc6 16. Rae1 Qd7 {LiveBook: 14 Partien} 17. Bb6 {Die Stellung ist ausgeglichen.} (17. Nd1 Nh5 18. Qg4 Nf6 19. Qg3 Nh5 20. Qg4 {½-½ (20) Inarkiev,E (2683)-Harikrishna,P (2738) Palma de Mallorca 2017}) 17... Rb8 18. Be3 $146 ({Vorgänger:} 18. Ba5 g6 19. Qh3 e5 20. f5 Bd8 21. Bxd8 Qxd8 22. Nd1 a5 23. Nf2 Kh8 24. Ng4 Nh5 {½-½ (24) Minchev,V (2249)-Petkov,S (2357) ICCF email 2011}) 18... b4 19. axb4 Rxb4 {[%cal Rc6e4]} 20. e5 $2 {[#]} (20. Bc1 $11 {und Weiss ist OK.}) 20... dxe5 $1 $19 21. fxe5 (21. Be2 {ist wohl besser.}) 21... Nh5 ({Auf keinen Fall} 21... Rg4 22. exf6 Rxg3 23. fxe7 $17) 22. Qh3 $2 (22. Qf2 Bh4 23. Qe2 Bxe1 24. Qxh5) 22... Rh4 23. Qxh4 Bxh4 24. Be2 Bxe1 25. Rxe1 g6 26. Kg1 Ng7 27. b3 Qb7 28. Bf1 Nf5 29. Bf2 Qb4 30. Ne2 Rd8 31. Ra1 a5 32. Be1 Qc5+ 33. Bf2 Qxe5 34. c3 Be4 35. Re1 Qb8 36. Nc1 Bc6 37. c4 a4 38. bxa4 Bxa4 39. c5 Bb5 40. Ne2 Rd2 41. Rb1 Qe8 42. Re1 h5 43. Nc3 Bxf1 44. Rxf1 Qc6 45. Re1 {[#]} Nd4 (45... Rxf2 $142 $1 46. Kxf2 Qxc5+ 47. Ke2 Qxc3 48. Kf2 Qd4+ 49. Ke2 Ne3 50. Rc1 Nxg2 51. Rf1 Qe3+ 52. Kd1 Qd3+ 53. Kc1 Qxf1+ 54. Kc2 Qc4+ 55. Kd2 Nf4 56. h4 Qd3+ 57. Kc1 Qe2 58. Kb1 Nd3 59. Ka1 Qb2#) 46. Rf1 Ne2+ 47. Nxe2 Rxe2 48. Rd1 Kh7 (48... Qe4 $142 49. Rf1 Qc2 50. c6 Qxc6 51. Re1 Rb2 52. Rf1 Qc2 53. g3 Ra2 54. h3 Qe2 55. Kg2 e5 56. Kg1 Qf3 57. g4 e4 58. h4 hxg4 59. h5 gxh5 60. Kh2 Qh3+ 61. Kg1 e3 62. Be1 Qh2#) 49. h3 Qe4 50. Rf1 Rb2 51. Re1 Rb1 52. Rxb1 Qxb1+ 53. Kh2 Qe4 54. Kg1 f5 55. Kh2 g5 {Schwarz setzt Matt.} 56. Kg1 h4 57. Kf1 Kg6 58. Be1 Qc4+ 59. Kg1 Qxc5+ 0-1

[Event "2nd IMSA Basque 2017-Women"]
[Site "Huaian"]
[Date "2017.12.15"]
[Round "5"]
[White "Muzychuk, Mariya"]
[Black "Dzagnidze, Nana"]
[Result "1/2-1/2"]
[WhiteElo "2544"]
[BlackElo "2522"]
[Annotator "TA"]
[PlyCount "77"]
[EventDate "2017.??.??"]
[EventType "tourn"]
[EventCountry "CHN"]
[SourceTitle "playchess.com"]
[Source "ChessBase"]
[SourceQuality "1"]

{[%evp 21,77,35,58,24,51,33,32,35,39,27,41,43,47,26,28,0,6,6,18,22,38,33,34,47,50,57,77,54,51,50,88,61,95,89,89,89,78,68,83,4,28,35,30,34,55,51,55,44,66,31,65,56,50,0,0,0,74,0]} 1. e4 c5 2. Nf3 e6 3. d4 cxd4 4. Nxd4 a6 5. c4 Nf6 6. Nc3 Qc7 7. a3 Nc6 8. Be2 {B41: Sicilian: Kan Variation: 5 c4} b6 9. Be3 Bb7 10. f3 Nxd4 11. Bxd4 Bd6 {LiveBook: 8 Games} 12. Qb3 Bxh2 $146 ({Predecessor:} 12... Bc5 13. Rd1 Rb8 14. O-O O-O 15. Kh1 Nh5 16. Qc2 {½-½ (34) Sedina,E (2410)-Movsesian,S (2640) Groningen 1998}) 13. Qxb6 Bg3+ 14. Kd2 Qxb6 15. Bxb6 d5 16. exd5 exd5 17. Bd4 (17. Kc2 {seems wilder.} Rc8 18. b3 dxc4 19. Bxc4 Rc6 20. Ne2) 17... dxc4 18. Bxf6 gxf6 19. Bxc4 h5 20. Rad1 $36 {[%mdl 2048] White has good play.} h4 21. Kc2 Rc8 22. Bxf7+ Ke7 23. Bd5 Bc6 24. Rd3 Bxd5 25. Rxd5 Rhg8 26. Rhd1 Bf4 27. Re1+ Kf7 28. Re2 Be5 29. Rd7+ Kg6 30. Kd3 ({White should play} 30. Kb3 $16) 30... Kf5 31. Rh7 {Black must now prevent Rh5+.} Rgd8+ 32. Kc2 Rh8 33. Rxh8 Rxh8 $14 {[%mdl 4096] Endgame KRB-KRN} 34. Nd5 Rc8+ 35. Kd3 Rd8 36. Kc4 Rc8+ 37. Kd3 (37. Kb3 $5 {[%cal Rd5e7]} Rb8+ 38. Ka2 $16) 37... Rd8 38. Kc4 Rc8+ 39. Kd3 {Precision: White = 59%, Black = 42%.} (39. Kb3 $16 Rb8+ 40. Ka2) 1/2-1/2

[Event "2nd IMSA Basque 2017-Women"]
[Site "Huaian"]
[Date "2017.12.15"]
[Round "5"]
[White "Dzagnidze, Nana"]
[Black "Muzychuk, Mariya"]
[Result "1/2-1/2"]
[WhiteElo "2522"]
[BlackElo "2544"]
[Annotator "TA"]
[PlyCount "70"]
[EventDate "2017.??.??"]
[EventType "tourn"]
[EventCountry "CHN"]
[SourceTitle "playchess.com"]
[Source "ChessBase"]
[SourceQuality "1"]

{[%evp 23,70,-15,0,-16,-17,-38,-48,-51,-45,-58,-68,-53,-58,-69,-52,-52,-52,-52,-52,-52,-52,-52,-52,-52,-52,-52,-50,-52,-52,-52,-52,-54,-52,-52,-52,-54,-54,-59,-52,-52,-52,-59,-52,-57,-52,-52,-52,-52,0]} 1. Nf3 c5 2. c4 Nc6 3. g3 g6 4. Bg2 Bg7 5. Nc3 e6 6. O-O Nge7 7. d4 cxd4 8. Nb5 d5 {A37: Englische Eröffnung (Symmetrische Variante)} 9. cxd5 Nxd5 10. Nfxd4 O-O 11. e4 Nxd4 12. Nxd4 Nb6 {LiveBook: 17 Partien} 13. Nb3 Bd7 {[#]} 14. e5 $146 ({Vorgänger:} 14. Qe2 a6 15. Rd1 Bb5 16. Qe1 Qc7 17. Nd4 Rfd8 18. Bf4 Be5 19. Rac1 Qb8 20. Bxe5 Qxe5 {1-0 (55) Priyadharshan,K (2525)-Duran Vega,S (2383) Saint Louis 2016}) 14... Bxe5 {Schwarz steht etwas besser.} 15. Bxb7 Rb8 16. Bg2 Bb5 17. Qxd8 Rfxd8 18. Re1 Nc4 19. Bf1 {[#] Droht stark a4.} Bxb2 20. Bxc4 $1 Bxa1 21. Bxb5 Bc3 $1 {[%cal Rc3e1]} 22. Re3 Rd1+ 23. Kg2 Rxc1 $1 24. Nxc1 Bd2 25. Rd3 Bxc1 $15 {[%mdl 4096] Endspiel KTL-KTL} 26. a4 a5 27. Rd7 Ba3 28. Ra7 Bb4 29. Bc6 Kg7 30. h4 Rd8 31. Bd7 Kf6 32. Rb7 Bc5 33. Kf3 h5 34. Ke2 Ke5 35. Bb5 f5 {Precision: Weiß = 85%, Schwarz = 68%.} (35... Rf8 $1 $15) 1/2-1/2

[Event "2nd IMSA Basque 2017-Women"]
[Site "Huaian"]
[Date "2017.12.15"]
[Round "5"]
[White "Tan, Zhongyi"]
[Black "Paehtz, Elisabeth"]
[Result "0-1"]
[WhiteElo "2517"]
[BlackElo "2464"]
[Annotator "TA"]
[PlyCount "98"]
[EventDate "2017.??.??"]
[EventType "tourn"]
[EventCountry "CHN"]
[SourceTitle "playchess.com"]
[Source "ChessBase"]
[SourceQuality "1"]

{[%evp 15,98,51,39,49,67,19,18,-6,0,-29,5,0,0,0,0,0,0,-4,121,111,147,146,148,141,162,158,186,177,245,246,328,312,349,334,320,165,164,162,153,154,389,360,315,131,186,175,174,177,176,168,200,0,0,0,23,0,0,0,0,0,0,0,0,-497,0,0,0,-524,-505,-2047,-1045,-29987,-29981,-29981,-29982,-29981,-29982,-29984,-29985,-29982,-29983,-29991,-29992,-29992,-29993]} 1. d4 e6 2. Nf3 f5 3. g3 b6 4. Bg2 Bb7 5. O-O Nf6 6. c4 g6 7. Nc3 Bg7 {A84: Dutch Defence: 2 c4 Miscellaneous} 8. d5 Na6 {LiveBook: 7 Games} 9. Rb1 Nc5 {White is slightly better.} 10. Nd2 $146 (10. b4 $5 {[%cal Rb4c5]} Nce4 11. Nxe4 fxe4 12. Ng5 $14) ({Predecessor:} 10. b4 Nfe4 11. Nxe4 Nxe4 12. Bb2 O-O 13. Qb3 Bxb2 14. Rxb2 Qf6 15. e3 a5 16. dxe6 axb4 17. exd7 Nc5 18. Qc2 Be4 {½-½ (18) Adrian,C (2381)-Caposciutti,M (2355) France 2001}) 10... a5 11. b3 O-O 12. Bb2 e5 13. a3 e4 14. b4 axb4 15. axb4 Na6 16. Qb3 e3 (16... Qe7 $11) 17. fxe3 $16 Ng4 18. Nd1 Bxb2 19. Rxb2 (19. Nxb2 $6 Qg5 $14) 19... d6 20. Nf3 {[%cal Bd2f3,Bf3d4,Bd4e6][%mdl 32]} Qe7 21. Nd4 $1 Bc8 (21... Rae8 {was called for.} 22. Ne6 Rf7) 22. Ra2 $18 Bd7 {[#]} 23. Ne6 $1 {[%mdl 512]} Rfe8 (23... Bxe6 24. dxe6) 24. Nf2 Nxf2 25. Rxf2 (25. Kxf2 $142 Qf6 26. Qb1) 25... c5 {[#]} 26. e4 $1 {[%cal Re4f5]} fxe4 27. b5 (27. Bxe4 $6 Nxb4 28. Rxa8 Rxa8 $14) 27... Nb4 $2 (27... Bxe6 $16 28. bxa6 (28. dxe6 Nb4 $14) 28... e3) 28. Rxa8 Rxa8 29. Bxe4 (29. Bh3 $18 {is the precise move to win.}) 29... Bxe6 $16 30. dxe6 Ra1+ 31. Kg2 Qxe6 32. Qf3 {[%csl Gf2][%cal Rf3f8]} Qe7 {[#]} 33. Qg4 $2 (33. h4 $1 $18) 33... Kg7 $1 $11 34. h4 {Black must now prevent h5.} Rc1 35. Bxg6 hxg6 36. h5 $1 g5 37. Qf5 Rc2 38. Qg6+ Kh8 39. h6 $2 {[%mdl 8192]} (39. Qh6+ $11 Kg8 40. Qg6+ Kh8 41. Qh6+ Kg8 42. Qg6+ Kh8) 39... Qb7+ $2 (39... Rxc4 $19 {Strongly threatening ...Qe4+.} 40. Kh2 Re4) 40. Kh2 {[%cal Rf2f8]} Qe7 {Threatens to win with ...Rd2.} 41. Kh3 $2 {[%mdl 8192]} (41. Kg2 $1 $11 {and White stays safe.}) 41... Rxc4 $19 42. g4 (42. Kh2 $142 Re4 43. Kg1) 42... Nd5 {( -> ...Qe3+)} 43. Qf5 Nf4+ {Black mates.} 44. Kh2 Re4 45. Qc8+ Kh7 46. Kh1 Rxe2 47. Qf5+ Kxh6 48. Rxf4 gxf4 49. g5+ Kg7 {Precision: White = 45%, Black = 51%.} ({And not} 49... Qxg5 50. Qh7+ Kxh7 $11) 0-1

[Event "2nd IMSA Basque 2017-Women"]
[Site "Huaian"]
[Date "2017.12.15"]
[Round "5"]
[White "Harika, Dronavalli"]
[Black "Zhao, Xue"]
[Result "1/2-1/2"]
[WhiteElo "2504"]
[BlackElo "2477"]
[Annotator "TA"]
[PlyCount "108"]
[EventDate "2017.??.??"]
[EventType "tourn"]
[EventCountry "CHN"]
[SourceTitle "playchess.com"]
[Source "ChessBase"]
[SourceQuality "1"]

{[%evp 12,108,14,12,51,9,37,0,8,6,14,10,9,0,13,14,11,-31,17,5,50,28,59,54,46,58,136,36,29,30,97,35,133,93,102,7,30,-106,-32,-72,-22,-84,-60,-232,-227,-245,-245,-224,-233,-239,-239,-451,-450,-477,-456,-470,-468,-620,-607,-962,-964,-894,-697,-708,-689,-700,-713,-647,-599,-570,-585,-656,-664,-662,-670,-700,-692,-666,-656,-713,-731,-751,-740,-796,-810,-1050,-1064,-1023,-1020,-1166,-1034,-1345,-1348,-1290,-1236,-1153,-1129,-1320,-961]} 1. c4 Nf6 2. Nc3 e5 3. Nf3 Nc6 4. e3 Be7 (4... Bb4 5. Qc2 Bxc3 6. bxc3 O-O 7. Be2 d6 8. d3 Qe7 9. e4 Ne8 10. Ba3 b6 11. O-O f5 12. d4 exd4 13. e5 d3 14. Qxd3 Bb7 15. exd6 Nxd6 {½-½ (27) Harikrishna,P (2738)-Svidler,P (2763) Palma de Mallorca 2017}) 5. Qb3 O-O 6. Be2 {A28: English Opening: Four Knights Variation} Re8 7. O-O {LiveBook: 3 Games} d6 $146 ({Predecessor:} 7... Bf8 8. d4 e4 9. Nd2 d6 10. Bd1 Bf5 11. Qxb7 {0-1 (33) Zhigalko,A (2566)-Ziaziulkina,N (2371) Minsk 2017}) 8. d3 {White is slightly better.} Bf8 9. Bd2 Rb8 10. Rac1 g6 11. Rfe1 Bg7 12. h3 h6 13. Nd5 Be6 14. Bc3 Nh7 (14... b5 $5) 15. Qc2 Qd7 16. b4 Nd8 17. e4 $36 {[%mdl 2048] White is more active.} c6 18. Ne3 f5 (18... Qe7 $14) 19. Rcd1 ({Better is} 19. exf5 $16 gxf5 20. d4) 19... f4 $14 20. Nf1 Qf7 (20... Nf7 $11) 21. Bb2 (21. c5 $16) 21... g5 (21... Qe7 $14) 22. d4 {[%cal Rd4e5]} h5 23. N3h2 ({White should try} 23. dxe5 $16 g4 24. hxg4 (24. Rxd6 gxf3 25. Bxf3 Ng5 $17) 24... hxg4 25. N3h2 (25. exd6 Bxb2 26. Qxb2 gxf3 $11)) 23... Qg6 24. f3 (24. d5 $11 Bd7 25. g4) 24... Nf7 (24... exd4 $17 {Hoping for ...c5.} 25. Bxd4 Bxd4+ 26. Rxd4 Nf7) 25. c5 dxc5 26. bxc5 (26. dxc5 $11 {remains equal.} Nf6 27. a3) 26... Rbd8 {[%cal Re5d4]} 27. Bc4 $2 (27. dxe5 $15 Bxe5 28. Nd2) 27... exd4 $19 28. Nd2 Ne5 29. Bxe6+ Qxe6 30. Nb3 d3 31. Qc1 $2 {[#]} (31. Qb1) 31... d2 $1 {[%mdl 512] Black is clearly winning.} 32. Rxd2 (32. Nxd2 Nd3) 32... Rxd2 (32... Nd3 $2 33. Rxd3 Rxd3 34. Bxg7 $19) 33. Bxe5 Rxa2 ({Less strong is} 33... Bxe5 34. Qxd2 b5 35. Rd1 $15) 34. Bxg7 {aiming for Nd4.} Qxb3 35. Bd4 Rd8 36. Qc3 Qxc3 37. Bxc3 Rc2 38. Bb4 Rd4 39. Rb1 Rdc4 40. Nf1 Ra2 41. Bd2 Rxc5 42. Rxb7 Rcc2 43. Rb8+ Kf7 44. Rb7+ Kg6 45. Rd7 Nf6 46. Rd6 Kf7 47. h4 gxh4 48. Kf2 a5 {[%cal Ba7a5,Ba5a4][%mdl 32]} 49. Ke2 Ke7 50. Rd3 Ra1 51. Rb3 a4 52. Rb7+ Ke6 53. Kd3 Rca2 54. Ke2 {[#]} Rxf1 $1 {[%mdl 32768] Precision: White = 25%, Black = 46%. . An unexpected result.} 1/2-1/2

[Event "2nd IMSA Basque 2017-Women"]
[Site "Huaian"]
[Date "2017.12.15"]
[Round "5"]
[White "Stefanova, Antoaneta"]
[Black "Kosteniuk, Alexandra"]
[Result "0-1"]
[WhiteElo "2500"]
[BlackElo "2557"]
[Annotator "TA"]
[PlyCount "146"]
[EventDate "2017.??.??"]
[EventType "tourn"]
[EventCountry "CHN"]
[SourceTitle "playchess.com"]
[Source "ChessBase"]
[SourceQuality "1"]

{[%evp 23,146,51,45,56,56,26,50,10,5,2,12,0,2,0,17,27,15,22,4,-189,39,45,49,8,0,0,49,37,30,26,530,240,235,207,369,328,588,77,82,68,217,211,272,204,197,106,107,98,119,121,112,79,78,68,122,119,116,98,142,129,126,135,206,68,134,78,118,121,132,0,236,82,84,71,266,266,232,0,233,97,112,102,218,199,1172,721,362,97,375,366,1199,50,802,-14,-15,-25,-25,-33,-34,-34,-35,-41,-41,-59,0,0,0,0,0,0,0,-88,-80,-72,-70,-29982,-29964,-29948,-5218,-5189,-4731,-29997,-29997,-29997,-29998]} 1. d4 Nf6 2. Nf3 e6 3. e3 b6 4. Bd3 Bb7 5. c4 Be7 6. Nc3 d5 7. cxd5 exd5 8. O-O O-O 9. b3 c5 10. Bb2 Nc6 11. dxc5 bxc5 12. Rc1 Rc8 13. Na4 {E14: Queen's Indian: Classical Variation (4 e3)} Ne4 14. Bb1 $146 ({Predecessor:} 14. Bxe4 dxe4 15. Nd2 Nb4 16. Qg4 g6 17. Nc4 f5 18. Qg3 Nd3 19. Rcd1 Bc6 20. Nc3 Bh4 {0-1 (51) Aloma Vidal,R (2393)-Alonso Rosell,A (2377) Catalunya 2008}) 14... Bd6 15. Qe2 {White is slightly better.} Qe7 16. Rfd1 Rfd8 17. Ba1 f5 18. Nc3 d4 19. Nb5 Bb8 20. exd4 a6 21. Nc3 $2 (21. d5 $1 $11 axb5 22. dxc6 Bxc6 23. Rxd8+ Rxd8 24. a4) 21... Bf4 $2 (21... Nxd4 $19 22. Nxd4 cxd4 23. Nxe4 Rxc1 24. Rxc1 fxe4) 22. Nxe4 $14 fxe4 23. Bxe4 (23. Rxc5 $5 {[%cal Rb1e4]} Nxd4 24. Bxd4 Rxc5 25. Bxc5 Rxd1+ 26. Qxd1 Qxc5 27. Ne1 $11) 23... Bxc1 24. Rxc1 Kh8 {[%cal Rc6d4]} 25. dxc5 {Black must now prevent h3.} Nb4 26. Ne5 Re8 $2 {[%mdl 8192]} (26... Bxe4 $11 {and Black stays safe.} 27. Qxe4 Rxc5) 27. Bxb7 (27. Bf5 $142 Kg8 28. Bxc8 Rxc8 29. Qg4) 27... Qxb7 $18 28. h3 Qd5 $2 (28... Nc6 29. Qf3 Rf8) 29. Qh5 Kg8 $2 (29... Rcd8 30. Qh4 Nc6) 30. Rc4 $2 (30. Qg4 $18 {is more deadly.} Nxa2 31. Nd7 $1 {[%mdl 512]}) 30... Nc6 $16 {[%cal Rc6e5]} 31. f4 Nxe5 (31... g6 $1 $14 32. Qf3 Qxf3 33. gxf3 (33. Nxf3 Re2 $14) 33... Red8) 32. Bxe5 $18 Red8 33. Qg5 {[%csl Ge5][%cal Rg5g7]} Rd7 34. Rd4 ({White should play} 34. Qg4 $18 Qd1+ 35. Kh2 Qxg4 36. hxg4) 34... Qxc5 $16 {[#] aiming for ...Re8.} 35. Kh2 $1 $40 {[%mdl 640] White attacks with force.} Rf7 36. Qg4 {And now Rc4 would win.} Re8 37. Rc4 Qd5 38. Qg3 a5 (38... Rd7 $14) 39. Rd4 Qb5 40. a4 Qb7 41. Qd3 h6 42. Rd6 Qc8 {[#]} (42... Rfe7 $16 43. Qc4+ Kh7) 43. Qg3 (43. Rxh6 $1 $18 {[%mdl 512] White threatens Qh7+ and mate.} Qf5 (43... gxh6 44. Qg6+) 44. Qxf5 Rxf5 45. Ra6) 43... Kh7 (43... Qf5 $14) 44. Rd5 (44. Qg6+ $142 $1 Kg8 45. Ra6) 44... Qa8 45. Qd3+ Kg8 46. Rd6 (46. Qd4 $16) 46... Qb7 $2 {[#]} (46... Qc8 $1 $11 {and Black is okay.}) 47. Qc3 $2 (47. Rxh6 $1 $18 {[%mdl 512] Threatening mate with Qh7+.} gxh6 48. Qg6+ Kf8 49. Qxh6+ Rg7 50. Qh8+ Rg8 51. Qh6+ (51. Qf6+ Qf7 $18) 51... Rg7 52. Qh8+ Rg8 53. Qh6+ (53. Qf6+ Qf7 $16) 53... Rg7) 47... Rc8 48. Qg3 {Threatens to win with Rxh6.} Kh7 $2 (48... Rc6 $16 {was worth a try.}) 49. Qd3+ $18 Kg8 50. Qg3 Kh7 $1 {intending ...Qe4.} 51. Qg6+ (51. f5 $18 {and White stays clearly on top.} Kg8 52. Rxh6) 51... Kg8 $16 52. Qg4 Kh7 (52... Rc6 $16 {might work better.}) 53. f5 $18 {[%cal Bf4f5,Bf5e6][%mdl 32]} Re8 $2 (53... Qe7 54. Rxh6+ Kg8) 54. Rxh6+ Kg8 {[#]} 55. Re6 $2 (55. Qh5 $1 $18 {[%csl Gh5][%cal Rh6h8][%mdl 512] and the rest is easy.} gxh6 56. Qg6+ Kf8 57. Bd6+ Ree7 58. f6) 55... Rxe6 $4 {[%mdl 8192]} (55... Qc8 $16) 56. fxe6 $16 {[%mdl 4096] Endgame KQR-KQB} Rf2 $2 (56... Rf8 57. Bd6 Qxb3 58. Bxf8 Qb8+ 59. Kg1 Qxf8) 57. Qg3 $2 (57. Qg5 $18 Re2 58. e7 Rxg2+ 59. Qxg2 Qxe7 60. Qd5+ Kh7 61. Qxa5) 57... Re2 $2 {[%mdl 8192]} (57... Rf5 $14) 58. h4 $2 (58. Qg5 $18) 58... Qe7 $11 59. h5 Re4 {Hoping for ...Rh4+.} 60. Bc3 Rh4+ {[%mdl 1024] Black has compensation.} 61. Kg1 Qc5+ 62. Kf1 {[%csl Gc3][%cal Rg3g7]} Qf5+ 63. Kg1 {[%csl Gc3][%cal Rg3g7]} Qc5+ (63... Qb1+ $1 $15 64. Qe1 Qxe1+ 65. Bxe1 Rxh5) 64. Kf1 {[%csl Gc3][%cal Rg3g7]} Rh1+ 65. Ke2 {[%csl Gc3][%cal Rg3g7]} Qxh5+ 66. Ke3 {[%csl Gc3][%cal Rg3g7]} Qc5+ 67. Bd4 (67. Ke2 $1 $11 Qe7 68. Qb8+ Kh7 69. Qe5) 67... Qc1+ $17 68. Ke4 {[%csl Gd4][%cal Rg3g7]} Qc6+ 69. Kf5 $2 {[%mdl 8192]} (69. Ke3 $15 Qxe6+ 70. Kd2 Qh6+ 71. Ke2) 69... Rf1+ 70. Kg5 Qxe6 (70... Qd5+ $142 71. Be5 Qxe6 72. Bf4 Qf6+ 73. Kg4 Qg6+ 74. Kh4 Rh1+ 75. Qh3 Qxg2 76. Qxh1 Qxh1+ 77. Kg3 Qd5 78. Kg4 Qxb3 79. Be5 Qxa4+ 80. Kf3 Qc6+ 81. Kf4 Qc4+ 82. Ke3 a4 83. Bd4 a3 84. Ke4 a2 85. Ke3 Kf7 86. Be5 Qe6 87. Kf4 {[#]} g5+ $1 {[%mdl 512]} 88. Kf3 Qxe5 89. Kg2 a1=Q 90. Kh3 Qh1+ 91. Kg4 Qf4#) 71. Qb8+ $19 Rf8 72. Qa7 Rf5+ 73. Kh4 Qh6+ {Precision: White = 27%, Black = 32%.} 0-1

[Event "2nd IMSA Basque 2017-Women"]
[Site "Huaian"]
[Date "2017.12.15"]
[Round "5"]
[White "Zhao, Xue"]
[Black "Harika, Dronavalli"]
[Result "1-0"]
[WhiteElo "2477"]
[BlackElo "2504"]
[Annotator "TA"]
[PlyCount "71"]
[EventDate "2017.??.??"]
[EventType "tourn"]
[EventCountry "CHN"]
[SourceTitle "playchess.com"]
[Source "ChessBase"]
[SourceQuality "1"]

{[%evp 15,71,-19,0,-15,-15,-15,-11,-12,-15,-8,22,20,16,12,24,27,31,22,30,18,61,22,22,20,21,18,14,16,17,15,45,52,44,28,61,60,64,68,77,65,1051,1059,1059,1050,1031,1016,1830,1817,29988,29989,29989,2117,29990,29991,29996,29997,29997,29998]} 1. d4 d5 2. c4 e6 3. Nf3 Nf6 4. Nc3 Nbd7 5. cxd5 exd5 6. Bf4 c6 7. e3 Nh5 8. Bd3 {D35: Queen's Gambit Declined: Exchange Variation} (8. Bg5 Be7 9. Bxe7 Qxe7 10. Qc2 g6 11. h3 Nb6 12. Be2 Bf5 13. Qb3 Nf6 14. a4 Be4 15. a5 Bxf3 16. Bxf3 Nc4 17. Be2 Nd6 18. a6 {1-0 (47) Wojtaszek,R (2734)-Vovk,Y (2600) Poland 2017}) 8... Be7 {LiveBook: 15 Games} 9. Qc2 Nxf4 10. exf4 {The position is equal.} Nf6 11. O-O O-O 12. Rfe1 h6 13. Ne5 Bd6 14. Rad1 $146 ({Predecessor:} 14. Qe2 Re8 15. h3 Nd7 16. Qf3 {1-0 (61) Rausch,S (2310)-Burmakin,V (2505) Seefeld 1996}) 14... Bd7 15. a3 Rc8 16. Qe2 a6 17. Bb1 b5 18. b4 (18. Nxd7 Qxd7 19. g3 Rb8 $15) 18... a5 19. Qb2 ({But not} 19. Nxd7 Qxd7 20. Na2 Bxf4 $17) 19... axb4 20. axb4 Ra8 21. Na2 {[%cal Bc3a2,Ba2c1,Bc1d3,Bd3c5][%mdl 32]} Ra6 22. Nc1 Qc7 23. Ncd3 Rfa8 24. Rc1 Be8 25. Nc5 Ra3 26. Qc2 {Hoping for Ng4!} Qc8 27. h3 Qc7 $2 {[%mdl 8192] [#]} (27... Bxc5 $14 28. Qxc5 R3a6) 28. Ng4 $1 $18 {[%cal Rg4f6] Threatens to win with Nxf6+.} Ne4 29. Nxe4 dxe4 30. Qxe4 {White wants to mate with Qh7+.} f5 31. Qxf5 Bf7 32. Qh7+ Kf8 33. Qh8+ Bg8 {[#]} 34. Nxh6 $1 {White mates.} gxh6 35. Qxh6+ Kf7 36. Bg6+ {Precision: White = 59%, Black = 35%.} 1-0

[Event "2nd IMSA Basque 2017-Women"]
[Site "Huaian"]
[Date "2017.12.15"]
[Round "5"]
[White "Paehtz, Elisabeth"]
[Black "Tan, Zhongyi"]
[Result "0-1"]
[WhiteElo "2464"]
[BlackElo "2517"]
[Annotator "TA"]
[PlyCount "72"]
[EventDate "2017.??.??"]
[EventType "tourn"]
[EventCountry "CHN"]
[SourceTitle "playchess.com"]
[Source "ChessBase"]
[SourceQuality "1"]

{[%evp 13,71,29,34,-126,-130,-114,-118,-131,-58,-62,-70,-138,-138,-142,-122,-307,-303,-305,-297,-310,-303,-296,-268,-336,-324,-415,-425,-405,-304,-350,-364,-358,-357,-366,-368,-381,-309,-412,-395,-373,-263,-259,-247,-256,-250,-570,-570,-548,-545,-5010,-5002,-29993,-29994,-29994,-29995,-29995,-29996,-29998,-29999,-29999]} 1. e4 d6 2. d4 {[%cal Bd2d4,Bd4c5][%mdl 32]} Nf6 3. Nc3 g6 4. f4 Bg7 5. Nf3 c5 6. dxc5 Qa5 7. Qd4 {B09: Pirc Defence: Austrian Attack} O-O {LiveBook: 27 Games} 8. Qc4 $146 (8. Bd2 $1 $14) ({Predecessor:} 8. Bd2 Nc6 9. Qc4 Qd8 10. O-O-O Be6 11. Qa4 Ng4 12. Rg1 a6 13. h3 Nf2 14. Re1 dxc5 {1-0 (40) Van Kampen,R (2603)-Rapport,R (2681) Reykjavik 2014}) 8... Nxe4 $1 $17 (8... Nc6 9. Qb5 Qc7 10. Bd3 Bg4 11. Be3 a6 12. Qb6 Qb8 13. cxd6 exd6 14. Bf2 Bxf3 15. gxf3 {0-1 (52) Paehtz,E (2464)-Tan,Z (2517) Huaian 2017}) 9. Qxe4 {[#] Strongly threatening Kf2.Black is better.} Bxc3+ 10. Kf2 Qxc5+ (10... Bg7 $17 {And now ...Nd7 would win.} 11. cxd6 exd6) 11. Be3 $15 Qb4 12. Bc4 (12. Qxb4 $15 Bxb4 13. c3) 12... Qxb2 {[#] Hoping for ...Bf5.} 13. Rab1 Bf5 14. Qxf5 $2 (14. Qxb7 $17 {was called for.} Qxc2+ 15. Kg3) 14... gxf5 $19 15. Rxb2 Bxb2 16. Rb1 Bf6 17. Rxb7 Nc6 {Threatens to win with ...Na5.} 18. Bd5 Rac8 19. h3 e6 20. Bb3 Rb8 21. Rc7 Rfc8 22. Rd7 Rd8 23. Rc7 Rbc8 24. Rb7 d5 25. g4 fxg4 26. hxg4 d4 27. Bd2 d3 28. cxd3 Rxd3 29. Be1 $2 (29. Ke2 Rcd8 30. Rc7 Nd4+ 31. Nxd4 Bxd4 32. Kxd3 Be5+ 33. Ke4 Bxc7 34. Bc3) 29... Nd4 30. Nxd4 Bxd4+ 31. Kg2 {If only White now had time for Rd7....} Rc1 32. Ba5 Rg1+ {Black mates.} 33. Kh2 Rxg4 34. Rb8+ Kg7 35. Bd8 Bg1+ 36. Kh1 Rh3# {Precision: White = 17%, Black = 70%.} 0-1